000 00316 a2200133 4500
000 nam a22 7a 4500
005 20260312110232.0
100 _aOrgantini, Giovanni
_91131763
245 _aModern on physics
260 _bWorld Scientific
_c2025
440 _aVol.2
_91131659
490 _aVol.2
942 _cAUD
999 _c1715184
_d1715184